Normal view
MARC view
- King Hussein’s-history 1953-1990
Entry Topical Term
001 - CONTROL NUMBER
- control field: 2739
003 - CONTROL NUMBER IDENTIFIER
- control field: JO-AjAnu
005 - DATE AND TIME OF LATEST TRANSACTION
- control field: 20230606070743.0
008 - FIXED-LENGTH DATA ELEMENTS
- fixed length control field: 230606|| aca||aabn | a|a d
040 ## - CATALOGING SOURCE
- Original cataloging agency: JO-AjAnu
- Transcribing agency: JO-AjAnu
150 ## - HEADING--TOPICAL TERM
- Topical term or geographic name entry element: King Hussein’s-history 1953-1990
670 ## - SOURCE DATA FOUND
- Source citation: Work cat.: (JO-AjAnu)1433: Al -Tall Ahmad Yousef, author 2738, King Hussein’s Legacy: the components of king Hussein,s policy and its impact on the Economic development of jordan 1953-1990